| 000 | 00502nam a2200205Ia 4500 | ||
|---|---|---|---|
| 003 | 0100 | ||
| 008 | 130227s9999 xx 000 0 und d | ||
| 040 | _cARRUPELIB | ||
| 050 | _aBV600.2.O40 2009 | ||
| 100 | _aOjara, Pius | ||
| 245 | _aNew birth | ||
| 245 | _bfaith, culture, and church as family | ||
| 260 | _aEugene, Oregon | ||
| 260 | _bWipf and Stork Publishers | ||
| 260 | _C2009 | ||
| 300 | _axx | ||
| 300 | _b 176p. 24cm. | ||
| 650 | _bPsychology - Collected works | ||
| 942 |
_2lcc _01 |
||
| 999 |
_c2379 _d2379 |
||